000 00684nam a2200289Ia 4500
005 20260324113023.0
008 008 260324s9999 xx 000 0 eng d
020 _a9781003352044
037 _aEBOOK
040 _aCRL
040 _beng
040 _cCRL
041 _2eng
041 _aeng
084 _qCRL
100 _aKuppan Thulukkanam
_91145096
245 0 _aHeat Exchangers
245 0 _bClassification, Selection, and Thermal Design
260 _bTaylor and Francis
260 _c2024
365 _a
365 _b355
856 _uhttp://www.taylorfrancis.com/books/9781003352044
942 _cEBOOK
999 _c1734521
_d1734521